| 000 | 00407nam a22001457a 4500 | ||
|---|---|---|---|
| 003 | OSt | ||
| 008 | 210806b ||||| |||| 00| 0 eng d | ||
| 020 | _a9788183335157 | ||
| 082 |
_a006.74 _bLEM/MA |
||
| 100 |
_aLemay, Laura _aColburn, Rafe _aKyrnin, Jennifer _94916 |
||
| 245 | _aMastering HTML, CSS & Javascript web publishing | ||
| 260 |
_aNew Delhi _bBPB Publications _c2019 |
||
| 490 | _aSams | ||
| 942 | _cBK | ||
| 999 |
_c17381 _d17381 |
||